Guía para la identificación de los escarabajos tigre (Coleptera: Cicindelidae) de Colombia (Registro nro. 4353)
[ vista simple ]
| 000 -CABECERA | |
|---|---|
| Campo de control | 00519nam a2200157 a 4500 |
| 005 - FECHA Y HORA DE LA ULTIMA TRANSACCION | |
| Campo de control | 20140725020003.0 |
| 008 - ELEMENTOS DE LONGITUD FIJA—INFORMACION GENERAL | |
| Campo de control | 140123b2004 ck ||||| |||| 00| 0 spa d |
| 041 ## - IDIOMA | |
| Código de idioma para texto/pista de sonido o título separado | Español |
| 090 ## - CLASIFICACIÓN LOCAL | |
| Colección | IAVH |
| Consecutivo | 00322 |
| 100 ## - ASIENTO PRINCIPAL--NOMBRE PERSONAL | |
| Nombre personal | Vítolo L., Adriana |
| 245 ## - MENCION DE TITULO | |
| Título | Guía para la identificación de los escarabajos tigre (Coleptera: Cicindelidae) de Colombia |
| 260 ## - PUBLICACION, DISTRIBUCION, ETC. (PIE DE IMPRENTA) | |
| Lugar de publicación, distribución, etc. | Bogotá |
| Nombre del editor, distribuidor, etc. | Instituto de Investigación de Recursos Biológicos Alexander von Humboldt |
| Fecha de publicación, distribución, etc. | 2004 |
| 300 ## - DESCRIPCION FISICA | |
| Extensión | 198 p. |
| 942 ## - ELEMENTOS ADICIONALES (KOHA) | |
| Tipo de ítem | CD-ROM |
| Sistema de clasificación | Local |
| Koha issues (borrowed), all copies | 1 |
| 945 ## - PROCESAMIENTO LOCAL | |
| AAAA-MM-DD - Fecha de ingreso o modificacion | 2005-03-08 |
| Withdrawn status | Lost status | Sistema de Clasificación | Damaged status | No para préstamo | Colección | Inventariado | Ubicación Permanente | Ubicación actual | Fecha de adquisición | Fuente de Valor | Valor | Total Checkouts | Número topográfico | Inventario / Código de Barras | Date last seen | Date checked out | Ejemplar | Price effective from | Forma de adquisición | Tipo de material |
|---|---|---|---|---|---|---|---|---|---|---|---|---|---|---|---|---|---|---|---|---|
| Dewey Decimal Classification | Humboldt | Bogotá | Bogotá | 08/03/2005 | IAVH-595.76 V84g | 017440 | 04/12/2012 | Ej. 1 | 04/12/2012 | Institucional | Libro | |||||||||
| Dewey Decimal Classification | Humboldt | Bogotá | Bogotá | 08/03/2005 | IAVH-595.76 V84g | 017441 | 04/12/2012 | Ej. 2 | 04/12/2012 | Institucional | Libro | |||||||||
| Dewey Decimal Classification | Humboldt | Bogotá | Bogotá | 08/03/2005 | IAVH-595.76 V84g | 017442 | 04/12/2012 | Ej. 3 | 04/12/2012 | Institucional | Libro | |||||||||
| Dewey Decimal Classification | Humboldt | Inventariado 2017 | Sala Fabio Quevedo | Sala Fabio Quevedo | 18/07/2014 | Instituto | 30000.00 | IAVH-595.76 V84g | 017438 | 04/12/2012 | Ej. 4 | 04/12/2012 | Libro | |||||||
| Dewey Decimal Classification | Humboldt | Inventariado 2017 | Sala Fabio Quevedo | Sala Fabio Quevedo | 18/07/2014 | Instituto | 30000.00 | IAVH-595.76 V84g | 017439 | 04/12/2012 | Ej. 5 | 04/12/2012 | Libro | |||||||
| Local | Humboldt | Inventariado 2017 | Villa de Leyva | Villa de Leyva | 08/03/2005 | Instituto | 30000.00 | 1 | IAVH-00322 | 017437 | 29/07/2014 | 24/07/2014 | Ej. 1 | 04/12/2012 | Institucional | Libro |